00726cam a2200193 450000500170000000800410001702000150005805000200007310000340009324500960012725000110022326001150023430000270034949000370037650400310041350400210044465000340046565100330049920160512143341.0160512b sp ||||| |||| 00| 0 spa d a840004992604aDG205bG66 19811 aGonzález Rodríguez, Jaime13aLa Idea de Roma en la historiografía indiana (1492-1550) /cJaime González Rodríguez. a1a ed. aMadrid :bConsejo Superior de Investigaciones Científicas,bInstituto "Gonzalo Fernández de Oviedo",c1981 axiii, 225 p. ;c24 cm. 0aTierra nueva a cielo nuevo ; v2 aBibliografía: p. 201-214 aIncluye índice 72LEMBaHistoriadoresxEspaña 72LEMBaRomaxHistoriografía